[Event "Oberliga Ost-A 2122"]
[Site "Germany"]
[Date "2022.07.10"]
[Round "7.2"]
[White "Windelband, Jens"]
[Black "Becker, Michael"]
[Result "0-1"]
[WhiteElo "2079"]
[BlackElo "2270"]
[PlyCount "50"]
[EventDate "2021.10.10"]
[EventType "team-tourn"]
[EventRounds "11"]
[EventCountry "GER"]
[SourceTitle "EXT 2023"]
[Source "ChessBase"]
[SourceDate "2022.10.05"]
[SourceVersion "1"]
[SourceVersionDate "2022.10.05"]
[SourceQuality "1"]
[WhiteTeam "Magdeburg Aufbau Elbe II"]
[BlackTeam "Halle USV"]
[WhiteTeamCountry "GER"]
[BlackTeamCountry "GER"]

1. e4 c5 2. Nf3 d6 3. d4 cxd4 4. Nxd4 Nf6 5. Nc3 Nc6 6. Bg5 e6 7. Qd2 Be7 8. 0-0-0 0-0 9. f3 Nxd4 10. Qxd4 a6 11. g4 b5 12. h4 Bb7 13. h5 h6 14. Be3 d5 15. g5 hxg5 16. Bxg5 b4 17. Bxf6 Bxf6 18. Qxb4 Rb8 19. Bd3 Qc7 20. exd5 Bxd5 21. Nxd5 exd5 22. Qa4 Bxb2+ 23. Kd2 Rfe8 24. Rdg1 Bc3+ 25. Kc1 Qb6 0-1

[Event "Oberliga Ost-A 2122"]
[Site "Germany"]
[Date "2022.05.07"]
[Round "9.3"]
[White "Windelband, Jens"]
[Black "Schubert, Ralf"]
[Result "1/2-1/2"]
[WhiteElo "2079"]
[BlackElo "2107"]
[PlyCount "79"]
[EventDate "2021.10.10"]
[EventType "team-tourn"]
[EventRounds "11"]
[EventCountry "GER"]
[SourceTitle "EXT 2023"]
[Source "ChessBase"]
[SourceDate "2022.10.05"]
[SourceVersion "1"]
[SourceVersionDate "2022.10.05"]
[SourceQuality "1"]
[WhiteTeam "Magdeburg Aufbau Elbe II"]
[BlackTeam "Dessau"]
[WhiteTeamCountry "GER"]
[BlackTeamCountry "GER"]

1. e4 d6 2. d4 Nf6 3. Nc3 g6 4. f4 Bg7 5. Nf3 0-0 6. Bd3 Na6 7. 0-0 c5 8. d5 Nc7 9. a4 b6 10. Qe1 Bd7 11. f5 a6 12. Qh4 b5 13. axb5 axb5 14. Rxa8 Qxa8 15. Bh6 c4 16. Be2 Qa7+ 17. Kh1 Ra8 18. fxg6 fxg6 19. e5 dxe5 20. Nxe5 Be8 21. Bxg7 Kxg7 22. d6 Ne6 23. dxe7 g5 24. Qh3 Qxe7 25. Ng4 Nxg4 26. Qxg4 Bc6 27. Bf3 Bxf3 28. gxf3 Qf6 29. Ne4 Qe5 30. Rd1 Rf8 31. c3 Rf4 32. Rd7+ Kg6 33. Qg2 Nc5 34. Rd6+ Kg7 35. Qxg5+ Qxg5 36. Nxg5 Rf5 37. Ne6+ Nxe6 38. Rxe6 Rxf3 39. Re5 b4 40. cxb4 1/2-1/2

[Event "Oberliga Ost-A 2122"]
[Site "Germany"]
[Date "2022.05.01"]
[Round "3.4"]
[White "Boehm, Robert"]
[Black "Windelband, Jens"]
[Result "1-0"]
[WhiteElo "2145"]
[BlackElo "2079"]
[PlyCount "71"]
[EventDate "2021.10.10"]
[EventType "team-tourn"]
[EventRounds "11"]
[EventCountry "GER"]
[SourceTitle "EXT 2023"]
[Source "ChessBase"]
[SourceDate "2022.10.05"]
[SourceVersion "1"]
[SourceVersionDate "2022.10.05"]
[SourceQuality "1"]
[WhiteTeam "Hoyerswerda"]
[BlackTeam "Magdeburg Aufbau Elbe II"]
[WhiteTeamCountry "GER"]
[BlackTeamCountry "GER"]

1. d4 f5 2. Nf3 d6 3. c4 g6 4. b4 Bg7 5. Bb2 Nh6 6. e3 0-0 7. Be2 Nf7 8. Qb3 e5 9. dxe5 dxe5 10. c5 Qe7 11. Nbd2 Nd7 12. 0-0 a5 13. a3 g5 14. Nc4 axb4 15. axb4 Rxa1 16. Rxa1 Kh8 17. Ra7 g4 18. Nfd2 Nf6 19. Na5 f4 20. Nxb7 Ng5 21. Nd6 f3 22. Bc4 fxg2 23. Kxg2 Qd8 24. Bxe5 cxd6 25. Bxd6 Bd7 26. b5 Nfe4 27. Nxe4 Nxe4 28. Bxf8 Qxf8 29. Qc2 Qf3+ 30. Kg1 Ng5 31. Bf1 Bf5 32. Bg2 Bxc2 33. Bxf3 gxf3 34. Ra8+ Bf8 35. Rxf8+ Kg7 36. Rc8 1-0

[Event "Sachsen-Anhalt-ch"]
[Site "Magdeburg"]
[Date "2021.10.30"]
[Round "6"]
[White "Mertens, Fridolin"]
[Black "Windelband, Jens"]
[Result "1/2-1/2"]
[WhiteElo "2139"]
[BlackElo "2136"]
[PlyCount "151"]
[EventDate "2021.10.28"]
[EventType "swiss"]
[EventRounds "7"]
[EventCountry "GER"]
[SourceTitle "CBM 205 Extra"]
[Source "ChessBase"]
[SourceDate "2022.01.31"]
[SourceVersion "1"]
[SourceVersionDate "2022.01.31"]
[SourceQuality "1"]

1. e4 e6 2. d4 d5 3. e5 c5 4. c3 Nc6 5. Nf3 Qb6 6. Bd3 cxd4 7. 0-0 Bd7 8. Re1 Nge7 9. h4 a6 10. h5 Nf5 11. Bxf5 exf5 12. cxd4 h6 13. Nc3 Be6 14. a3 Rc8 15. Qd3 Be7 16. b4 0-0 17. Na4 Qb5 18. Nb2 Na7 19. Bd2 Rc7 20. a4 Qd7 21. Reb1 Rfc8 22. Qb3 Kh7 23. Nd3 g5 24. hxg6+ fxg6 25. b5 Rc4 26. Ba5 Bd8 27. Bxd8 Qxd8 28. Nc5 Qe7 29. bxa6 bxa6 30. Qb7 Rc7 31. Qxa6 Nc6 32. Nxe6 Qxe6 33. Rb7 Nxd4 34. Qxe6 Nxe6 35. Rxc7+ Rxc7 36. Rd1 Ra7 37. Rxd5 Rxa4 38. Rd6 Nf8 39. Nd4 Ra1+ 40. Kh2 Re1 41. f4 Kg7 42. g3 Kf7 43. Kg2 Kg7 44. Ra6 Kf7 45. Ra7+ Kg8 46. e6 Nxe6 47. Nxe6 Rxe6 48. Kf3 Rf6 49. g4 fxg4+ 50. Kxg4 Rf7 51. Ra5 Rb7 52. Rc5 Kg7 53. Ra5 Rb6 54. Rc5 Kf6 55. Ra5 h5+ 56. Kg3 Rb3+ 57. Kg2 Rd3 58. Rb5 Ke6 59. Rg5 Kf6 60. Ra5 h4 61. Rg5 h3+ 62. Kh2 Rf3 63. Ra5 Re3 64. Rb5 Rf3 65. Ra5 Rxf4 66. Kxh3 Rf5 67. Ra3 Kg5 68. Kg3 Rb5 69. Rc3 Ra5 70. Rb3 Rc5 71. Ra3 Kh5 72. Rb3 g5 73. Ra3 Rb5 74. Rc3 Ra5 75. Rb3 Rc5 76. Ra3 1/2-1/2

[Event "Sachsen-Anhalt-ch"]
[Site "Magdeburg"]
[Date "2021.10.29"]
[Round "3"]
[White "Hentzgen, Thomas"]
[Black "Windelband, Jens"]
[Result "1-0"]
[WhiteElo "2042"]
[BlackElo "2136"]
[PlyCount "99"]
[EventDate "2021.10.28"]
[EventType "swiss"]
[EventRounds "7"]
[EventCountry "GER"]
[SourceTitle "CBM 205 Extra"]
[Source "ChessBase"]
[SourceDate "2022.01.31"]
[SourceVersion "1"]
[SourceVersionDate "2022.01.31"]
[SourceQuality "1"]

1. Nf3 e6 2. b3 d5 3. Bb2 Nf6 4. e3 Be7 5. c4 0-0 6. Nc3 c5 7. cxd5 exd5 8. d4 b6 9. Be2 Bb7 10. 0-0 Nbd7 11. dxc5 bxc5 12. Qc2 Rc8 13. Rfd1 Qc7 14. Rac1 Rfd8 15. Qf5 Nf8 16. Na4 Ne6 17. Ng5 Nxg5 18. Qxg5 Qd6 19. Bf3 Qe6 20. h3 h6 21. Qe5 Qxe5 22. Bxe5 Nd7 23. Bxd5 Bxd5 24. Rxd5 Nxe5 25. Rxe5 Bf6 26. Rexc5 Rxc5 27. Nxc5 Rd2 28. a4 Rb2 29. a5 Be7 30. a6 Kh7 31. g3 g6 32. Ne4 Bd8 33. Rc3 Kg7 34. Nc5 Ba5 35. Rd3 Be1 36. Ne4 Bb4 37. Rd7 Rxb3 38. Rxa7 Ra3 39. Rb7 Ra4 40. a7 Ba3 41. Nc3 Ra5 42. Nb5 Bc5 43. Kg2 h5 44. Kf3 Ra1 45. Ke4 Ra5 46. Kd3 Ra2 47. Kc4 Bxa7 48. Rxa7 Rxf2 49. Nd6 Rf3 50. Rxf7+ 1-0

[Event "Sachsen-Anhalt-ch"]
[Site "Magdeburg"]
[Date "2021.10.29"]
[Round "4"]
[White "Pikalow, Michael"]
[Black "Windelband, Jens"]
[Result "1-0"]
[WhiteElo "1906"]
[BlackElo "2136"]
[PlyCount "87"]
[EventDate "2021.10.28"]
[EventType "swiss"]
[EventRounds "7"]
[EventCountry "GER"]
[SourceTitle "CBM 205 Extra"]
[Source "ChessBase"]
[SourceDate "2022.01.31"]
[SourceVersion "1"]
[SourceVersionDate "2022.01.31"]
[SourceQuality "1"]

1. Nf3 d6 2. e4 c5 3. d4 cxd4 4. Nxd4 Nf6 5. Nc3 g6 6. Be3 Bg7 7. f3 0-0 8. Qd2 Nc6 9. 0-0-0 d5 10. exd5 Nxd5 11. Nxc6 bxc6 12. Nxd5 cxd5 13. Bh6 Bxh6 14. Qxh6 e5 15. h4 Bb7 16. h5 Qf6 17. hxg6 Qxg6 18. Qh4 Rac8 19. Bd3 e4 20. Rh3 exd3 21. Rg3 Rxc2+ 22. Kb1 Rfc8 23. Rxg6+ fxg6 24. Qa4 R8c6 25. a3 Ba6 26. Qb3 Rxb2+ 27. Kxb2 Rb6 28. Qxb6 axb6 29. Kc3 Bc4 30. a4 b5 31. a5 b4+ 32. Kxb4 Kf7 33. Ra1 Ba6 34. Kc5 Ke6 35. Kb6 Bc4 36. a6 Bxa6 37. Rxa6 Ke5 38. Kc5 Kf4 39. Kd4 d2 40. Ra1 Kg3 41. Rd1 Kxg2 42. Ke3 h5 43. Rxd2+ Kg3 44. Rxd5 1-0

[Event "Oberliga Ost-A 1920"]
[Site "Germany"]
[Date "2021.07.17"]
[Round "10.7"]
[White "Windelband, Jens"]
[Black "Lauckner, Joerg"]
[Result "1-0"]
[WhiteElo "2128"]
[BlackElo "2042"]
[PlyCount "85"]
[EventDate "2019.09.29"]
[EventType "team-tourn"]
[EventRounds "11"]
[EventCountry "GER"]
[SourceTitle "EXT 2023"]
[Source "ChessBase"]
[SourceDate "2022.10.05"]
[SourceVersion "1"]
[SourceVersionDate "2022.10.05"]
[SourceQuality "1"]
[WhiteTeam "Magdeburg Aufbau Elbe II"]
[BlackTeam "Leipzig SG II"]
[WhiteTeamCountry "GER"]
[BlackTeamCountry "GER"]

1. e4 c5 2. Nf3 d6 3. d4 cxd4 4. Nxd4 Nf6 5. Nc3 Nc6 6. Be2 g6 7. Be3 Bg7 8. 0-0 0-0 9. h3 Bd7 10. Qd2 a6 11. f4 b5 12. Bf2 Rc8 13. Rad1 Nxd4 14. Bxd4 Be6 15. Nd5 Nxd5 16. exd5 Bxd4+ 17. Qxd4 Bf5 18. c3 Rc4 19. Qe3 Qc7 20. Rde1 Re8 21. g4 Bc8 22. Bd1 Qc5 23. Bb3 Qxe3+ 24. Rxe3 Rc5 25. Rfe1 Kf8 26. Kf2 Bb7 27. Rd1 Rb8 28. Kg3 a5 29. a3 Bc8 30. Rd4 h6 31. Rde4 Rb7 32. Re2 f5 33. Rd4 b4 34. axb4 axb4 35. cxb4 Rc1 36. Rc2 Rxc2 37. Bxc2 fxg4 38. hxg4 Kf7 39. Ba4 Bd7 40. Bc6 Rc7 41. b5 e5 42. fxe5 dxe5 43. Rd1 1-0

[Event "Sachsen-Anhalt Landesliga-A 1920"]
[Site "Sachsen Anhalt"]
[Date "2020.02.02"]
[Round "6"]
[White "Sobiechowski, Ingolf"]
[Black "Windelband, Jens"]
[Result "1/2-1/2"]
[WhiteElo "1885"]
[BlackElo "2075"]
[PlyCount "82"]
[EventDate "2019.09.29"]
[EventType "team-tourn"]
[EventRounds "9"]
[EventCountry "GER"]
[SourceTitle "EXT 2023"]
[Source "ChessBase"]
[SourceDate "2022.10.05"]
[SourceVersion "1"]
[SourceVersionDate "2022.10.05"]
[SourceQuality "1"]
[WhiteTeam "Burger Schwarz Weiss"]
[BlackTeam "Magdeburg Aufbau Elbe III"]
[WhiteTeamCountry "GER"]
[BlackTeamCountry "GER"]

1. e4 c5 2. c3 e6 3. Nf3 d5 4. exd5 exd5 5. d4 Nf6 6. Bb5+ Bd7 7. Qe2+ Be7 8. 0-0 0-0 9. Bxd7 Nbxd7 10. Bg5 Re8 11. Qb5 Qc7 12. Nbd2 a6 13. Qb3 b5 14. Rfe1 Bd6 15. h3 h6 16. Be3 c4 17. Qc2 Ne4 18. Nh4 Ndf6 19. Nf5 Bf8 20. Qd1 Kh7 21. Qf3 Re6 22. Bf4 Nxd2 23. Bxd2 Rae8 24. Rxe6 fxe6 25. Bf4 Qd7 26. Ng3 b4 27. Re1 Qf7 28. Be5 Kg8 29. Qf4 Nd7 30. Qxf7+ Kxf7 31. Bf4 bxc3 32. bxc3 g6 33. Bc1 Rb8 34. Re2 Bd6 35. Rb2 Bxg3 36. fxg3 Rxb2 37. Bxb2 e5 38. dxe5 Ke6 39. Kf2 Kxe5 40. Ke3 h5 41. Ba3 g5 1/2-1/2

[Event "Oberliga Ost-A 1920"]
[Site "Germany"]
[Date "2019.12.08"]
[Round "5.5"]
[White "Guenther, Christian1111"]
[Black "Windelband, Jens"]
[Result "0-1"]
[WhiteElo "2174"]
[BlackElo "2128"]
[PlyCount "62"]
[EventDate "2019.09.29"]
[EventType "team-tourn"]
[EventRounds "11"]
[EventCountry "GER"]
[SourceTitle "EXT 2021"]
[Source "ChessBase"]
[SourceDate "2020.10.23"]
[SourceVersion "1"]
[SourceVersionDate "2020.10.23"]
[SourceQuality "1"]
[WhiteTeam "Sangerhausen"]
[BlackTeam "Magdeburg Aufbau Elbe II"]
[WhiteTeamCountry "GER"]
[BlackTeamCountry "GER"]

1. d4 e6 2. c4 d5 3. Nc3 c5 4. Nf3 Nc6 5. e3 Nf6 6. cxd5 exd5 7. Be2 cxd4 8. Nxd4 Bd6 9. 0-0 0-0 10. Re1 Re8 11. g3 h5 12. Ncb5 Be5 13. f4 Bxd4 14. Nxd4 h4 15. Nxc6 bxc6 16. g4 Qb6 17. Bf3 Bb7 18. b3 Ne4 19. Bb2 c5 20. Qd3 Re7 21. Rac1 f6 22. Rc2 Rae8 23. Rec1 d4 24. exd4 Qd6 25. f5 Ba6 26. Qd1 Ng5 27. Bh1 Qf4 28. Bd5+ Kh7 29. Rg2 Nh3+ 30. Kh1 Nf2+ 31. Rxf2 Qxf2 0-1

[Event "Oberliga Ost-A 1920"]
[Site "Germany"]
[Date "2019.12.07"]
[Round "4.6"]
[White "Groeger, Stefan"]
[Black "Windelband, Jens"]
[Result "0-1"]
[WhiteElo "2110"]
[BlackElo "2128"]
[PlyCount "72"]
[EventDate "2019.09.29"]
[EventType "team-tourn"]
[EventRounds "11"]
[EventCountry "GER"]
[SourceTitle "EXT 2021"]
[Source "ChessBase"]
[SourceDate "2020.10.23"]
[SourceVersion "1"]
[SourceVersionDate "2020.10.23"]
[SourceQuality "1"]
[WhiteTeam "Halle USV"]
[BlackTeam "Magdeburg Aufbau Elbe II"]
[WhiteTeamCountry "GER"]
[BlackTeamCountry "GER"]

1. Nf3 e6 2. d4 d5 3. Bf4 c5 4. c3 Nf6 5. e3 Be7 6. Bd3 0-0 7. Nbd2 Qb6 8. Rb1 Bd7 9. Qe2 c4 10. Bc2 Qa6 11. e4 Ba4 12. b3 cxb3 13. axb3 Qxe2+ 14. Kxe2 dxe4 15. Nxe4 Bc6 16. Nxf6+ Bxf6 17. Rhd1 Rc8 18. Ne1 Nd7 19. Be3 b6 20. f3 g6 21. c4 a5 22. Be4 Bxe4 23. fxe4 a4 24. Kd3 e5 25. d5 axb3 26. Rxb3 Be7 27. Rc1 f5 28. g3 Bc5 29. Rbc3 Ra4 30. Nf3 Kg7 31. Nd2 Kf6 32. Nb3 Bb4 33. R3c2 Ra3 34. Rb1 Rc7 35. Bc1 Rxb3+ 36. Rxb3 Nc5+ 0-1

[Event "Oberliga Ost-A 1819"]
[Site "Germany"]
[Date "2019.03.23"]
[Round "8.8"]
[White "Windelband, Jens"]
[Black "Heyme, Sibylle"]
[Result "0-1"]
[WhiteElo "2081"]
[BlackElo "2029"]
[PlyCount "64"]
[EventDate "2018.10.21"]
[EventType "team-tourn"]
[EventRounds "11"]
[EventCountry "GER"]
[SourceTitle "EXT 2020"]
[Source "ChessBase"]
[SourceDate "2019.10.17"]
[SourceVersion "1"]
[SourceVersionDate "2019.10.17"]
[SourceQuality "1"]
[WhiteTeam "Magdeburg Aufbau Elbe"]
[BlackTeam "Hoyerswerda"]
[WhiteTeamCountry "GER"]
[BlackTeamCountry "GER"]

1. e4 e5 2. Nf3 Nc6 3. Bb5 a6 4. Ba4 Nf6 5. 0-0 Be7 6. Re1 b5 7. Bb3 0-0 8. a4 b4 9. c3 Rb8 10. d4 d6 11. h3 Re8 12. Ng5 Rf8 13. f4 bxc3 14. bxc3 exd4 15. cxd4 d5 16. e5 Ne4 17. Nxe4 dxe4 18. d5 Nb4 19. Rxe4 Bf5 20. Re2 Nxd5 21. Qxd5 Qxd5 22. Bxd5 Bxb1 23. Bc4 Rfd8 24. Rd2 Bc5+ 25. Kh2 Bd4 26. Ra3 Be4 27. Bd3 Be3 28. Bxe4 Bxf4+ 29. Kg1 Bxd2 30. Bxd2 Rxd2 31. Rc3 g6 32. Rxc7 Rb4 0-1

[Event "EU-ch rapid"]
[Site "Skopje"]
[Date "2018.12.08"]
[Round "1"]
[White "Fridman, Daniel"]
[Black "Windelband, Jens"]
[Result "1-0"]
[WhiteElo "2633"]
[BlackElo "2081"]
[PlyCount "73"]
[EventDate "2018.12.08"]
[EventType "swiss (rapid)"]
[EventRounds "13"]
[EventCountry "MKD"]
[SourceTitle "CBM 187 Extra"]
[Source "ChessBase"]
[SourceDate "2018.11.04"]
[SourceVersion "1"]
[SourceVersionDate "2018.11.04"]
[SourceQuality "1"]

1. Nf3 d5 2. d4 e6 3. c4 c5 4. cxd5 exd5 5. g3 Nc6 6. Bg2 Nf6 7. 0-0 Be7 8. Nc3 0-0 9. dxc5 Bxc5 10. Na4 Be7 11. Be3 Ne4 12. Rc1 Re8 13. Nd4 Ne5 14. Nb5 Nc6 15. Bf4 g5 16. Be3 Be6 17. Bxe4 dxe4 18. Qxd8 Bxd8 19. Nd6 Re7 20. Bxg5 Rd7 21. Nxe4 Bxg5 22. Nxg5 Bxa2 23. Ra1 Bc4 24. Nb6 axb6 25. Rxa8+ Kg7 26. Re1 Rd2 27. Rc8 Rxb2 28. Rc7 b5 29. Rxb7 Nd4 30. Rd7 Nxe2+ 31. Kg2 b4 32. Rc7 Ba2 33. Kf1 Nd4 34. Nxf7 Rc2 35. Rd7 Bc4+ 36. Kg2 Ne2 37. Nd6+ 1-0

[Event "Sachsen-Anhalt Landesliga A 18/19"]
[Site "Sachsen Anhalt"]
[Date "2018.09.23"]
[Round "1.1"]
[White "Kahe, Ralph"]
[Black "Windelband, Jens"]
[Result "1/2-1/2"]
[WhiteElo "2184"]
[BlackElo "2081"]
[PlyCount "90"]
[EventDate "2018.09.23"]
[EventType "team-tourn"]
[EventRounds "9"]
[EventCountry "GER"]
[SourceTitle "EXT 2022"]
[Source "ChessBase"]
[SourceDate "2021.10.06"]
[SourceVersion "1"]
[SourceVersionDate "2021.10.06"]
[SourceQuality "1"]
[WhiteTeam "Magdeburg Rochade II"]
[BlackTeam "Magdeburg Aufbau Elbe IV"]
[WhiteTeamCountry "GER"]
[BlackTeamCountry "GER"]

1. d4 f5 2. Bg5 h6 3. Bh4 g5 4. Bg3 Nf6 5. e3 d6 6. h4 Rg8 7. hxg5 hxg5 8. Be2 e6 9. Nd2 Qe7 10. c3 Nc6 11. Bc4 Bd7 12. Ne2 Bg7 13. Qc2 0-0-0 14. 0-0-0 Rh8 15. Bd3 Ng4 16. Rxh8 Rxh8 17. Nf1 Qf7 18. f3 Nf6 19. Nd2 Nh5 20. Bf2 d5 21. Rf1 e5 22. Bb5 exd4 23. exd4 Re8 24. Bd3 Ne7 25. Rh1 Kb8 26. Nf1 Rh8 27. Nfg3 f4 28. Nxh5 Rxh5 29. Rxh5 Qxh5 30. Ng1 Qh2 31. Qe2 Bf6 32. Qf1 Nf5 33. Bxf5 Bxf5 34. Nh3 c6 35. Kd2 Kc7 36. Qg1 Qxg1 37. Bxg1 Kd6 38. Nf2 Ke6 39. Ng4 Bg7 40. Bh2 Bg6 41. g3 Kf5 42. Nf2 Bf8 43. g4+ Ke6 44. Bg1 Bb1 45. a3 b6 1/2-1/2

[Event "Sachsen-Anhalt Verbandsliga 2017/18"]
[Site "Sachsen Anhalt"]
[Date "2018.04.14"]
[Round "8.7"]
[White "Naumann, Frank"]
[Black "Windelband, Jens"]
[Result "0-1"]
[WhiteElo "1674"]
[BlackElo "1995"]
[PlyCount "44"]
[EventDate "2017.12.22"]
[EventType "team-tourn"]
[EventRounds "9"]
[EventCountry "GER"]
[SourceTitle "EXT 2020"]
[Source "ChessBase"]
[SourceDate "2019.10.17"]
[SourceVersion "1"]
[SourceVersionDate "2019.10.17"]
[SourceQuality "1"]
[WhiteTeam "Halle Einheit"]
[BlackTeam "Magdeburg Aufbau Elbe II"]
[WhiteTeamCountry "GER"]
[BlackTeamCountry "GER"]

1. d4 f5 2. c4 d6 3. Nf3 Nf6 4. Nc3 g6 5. e3 Bg7 6. Be2 0-0 7. 0-0 Qe8 8. Qb3 Kh8 9. Bd2 Na6 10. Rfd1 c5 11. d5 h6 12. Bd3 g5 13. Be1 Ng4 14. e4 f4 15. h3 Ne5 16. Nxe5 Bxe5 17. f3 h5 18. Rd2 Qg6 19. Qd1 Rf7 20. Rf2 Bd7 21. Qe2 Rg8 22. Kf1 g4 0-1

[Event "Sachsen-Anhalt Verbandsliga 2017/18"]
[Site "Sachsen Anhalt"]
[Date "2018.02.25"]
[Round "6.5"]
[White "Windelband, Jens"]
[Black "Hartung, Katja"]
[Result "1/2-1/2"]
[WhiteElo "2081"]
[BlackElo "1916"]
[PlyCount "81"]
[EventDate "2017.12.22"]
[EventType "team-tourn"]
[EventRounds "9"]
[EventCountry "GER"]
[SourceTitle "EXT 2020"]
[Source "ChessBase"]
[SourceDate "2019.10.17"]
[SourceVersion "1"]
[SourceVersionDate "2019.10.17"]
[SourceQuality "1"]
[WhiteTeam "Magdeburg Aufbau Elbe II"]
[BlackTeam "Merseburg"]
[WhiteTeamCountry "GER"]
[BlackTeamCountry "GER"]

1. e4 e5 2. Nf3 Nc6 3. Bb5 a6 4. Ba4 Nf6 5. 0-0 b5 6. Bb3 Be7 7. Re1 0-0 8. a4 Bb7 9. d3 d6 10. c3 Na5 11. Bc2 c5 12. Nbd2 Nd7 13. d4 Bf6 14. d5 c4 15. Nf1 Nc5 16. Be3 Nab3 17. Ra3 Nxa4 18. Bxb3 cxb3 19. Qxb3 Nc5 20. Bxc5 dxc5 21. Ne3 Bc8 22. Rea1 Qd6 23. Ra5 Rb8 24. c4 Bd8 25. R5a2 g6 26. Qc3 f6 27. b3 b4 28. Qb2 a5 29. Rf1 Bd7 30. Ne1 Bc7 31. Nd3 Ra8 32. g3 Bh3 33. Re1 Bd7 34. f4 Rae8 35. Qg2 Re7 36. f5 g5 37. Qf3 Be8 38. h4 gxh4 39. g4 Rg7 40. Rh2 Kf7 41. Rxh4 1/2-1/2

[Event "Sachsen-Anhalt Verbandsliga 2017/18"]
[Site "Sachsen Anhalt"]
[Date "2018.02.04"]
[Round "5.6"]
[White "Windelband, Jens"]
[Black "Hundrieser, Malte"]
[Result "1-0"]
[WhiteElo "2081"]
[BlackElo "2005"]
[PlyCount "105"]
[EventDate "2017.12.22"]
[EventType "team-tourn"]
[EventRounds "9"]
[EventCountry "GER"]
[SourceTitle "EXT 2020"]
[Source "ChessBase"]
[SourceDate "2019.10.17"]
[SourceVersion "1"]
[SourceVersionDate "2019.10.17"]
[SourceQuality "1"]
[WhiteTeam "Magdeburg Aufbau Elbe II"]
[BlackTeam "Reideburg 90 Halle"]
[WhiteTeamCountry "GER"]
[BlackTeamCountry "GER"]

1. e4 c5 2. Nf3 Nc6 3. d4 cxd4 4. Nxd4 g6 5. Nc3 Bg7 6. Be3 Nf6 7. Bc4 0-0 8. Bb3 d6 9. f3 Bd7 10. h4 Nxd4 11. Bxd4 Qa5 12. Qd2 b5 13. h5 Rfc8 14. hxg6 hxg6 15. 0-0-0 Be6 16. Nd5 Qxd2+ 17. Rxd2 Nxd5 18. Bxg7 Kxg7 19. exd5 Bd7 20. Re1 Kf8 21. Rd4 Rc7 22. c3 f5 23. Rh4 Re8 24. Kd2 Kg7 25. a4 a6 26. axb5 axb5 27. Rb4 Kf6 28. c4 Rb8 29. cxb5 Rcb7 30. Kc3 Rxb5 31. Rxb5 Bxb5 32. f4 Rh8 33. Re6+ Kf7 34. Re3 Rh1 35. Bc2 Rh8 36. Kd4 Rb8 37. g3 Bd7 38. Rb3 Rc8 39. Bd3 Kf6 40. Rb7 Be8 41. b4 Bf7 42. b5 e5+ 43. dxe6 Bxe6 44. b6 g5 45. Ba6 gxf4 46. gxf4 Rc5 47. Rc7 Rd5+ 48. Kc3 Rd1 49. b7 Rb1 50. Rc8 Bxc8 51. bxc8Q Rc1+ 52. Kd4 Rxc8 53. Bxc8 1-0

[Event "Sachsen-Anhalt Verbandsliga 2017/18"]
[Site "Sachsen Anhalt"]
[Date "2018.01.21"]
[Round "4.6"]
[White "Schwarz, Hans"]
[Black "Windelband, Jens"]
[Result "0-1"]
[WhiteElo "1835"]
[BlackElo "2081"]
[PlyCount "120"]
[EventDate "2017.12.22"]
[EventType "team-tourn"]
[EventRounds "9"]
[EventCountry "GER"]
[SourceTitle "EXT 2020"]
[Source "ChessBase"]
[SourceDate "2019.10.17"]
[SourceVersion "1"]
[SourceVersionDate "2019.10.17"]
[SourceQuality "1"]
[WhiteTeam "Magdeburg Rochade II"]
[BlackTeam "Magdeburg Aufbau Elbe II"]
[WhiteTeamCountry "GER"]
[BlackTeamCountry "GER"]

1. e4 c5 2. Nc3 e6 3. f4 d5 4. Bb5+ Nc6 5. Bxc6+ bxc6 6. d3 Nf6 7. Bd2 Be7 8. Nf3 Qb6 9. Rb1 0-0 10. Qe2 Bd7 11. Ne5 c4 12. Nxd7 Nxd7 13. dxc4 dxe4 14. Nxe4 Rad8 15. a3 Bxa3 16. Be3 Qa5+ 17. c3 Qf5 18. Nd2 Bc5 19. 0-0 Nf6 20. Bxc5 Qxc5+ 21. Kh1 Rd7 22. Nf3 Rfd8 23. Rbd1 Qh5 24. Rxd7 Rxd7 25. Rd1 Rxd1+ 26. Qxd1 h6 27. Qd8+ Kh7 28. Qd3+ Kg8 29. Qd8+ Kh7 30. Qd3+ Qg6 31. Qxg6+ Kxg6 32. Ne5+ Kf5 33. Nxc6 Kxf4 34. Nxa7 e5 35. Kg1 Nd7 36. Kf2 Ke4 37. Ke2 f5 38. b4 Nb8 39. b5 f4 40. Nc6 Nd7 41. Nb4 g5 42. Nd3 h5 43. c5 Kd5 44. c6 Nb6 45. Nb2 e4 46. c7 Kd6 47. Nc4+ Kxc7 48. Nd2 e3 49. Ne4 g4 50. Nf6 Kd6 51. Nxh5 Ke5 52. g3 f3+ 53. Kxe3 Nd5+ 54. Kf2 Nxc3 55. b6 Ne4+ 56. Ke1 Kd4 57. Nf6 Nxf6 58. b7 Nd7 59. Kf2 Ke4 60. h4 gxh3 0-1

[Event "Vellmar op 8th"]
[Site "Vellmar"]
[Date "2016.07.29"]
[Round "3"]
[White "Wehr, Alexander"]
[Black "Windelband, Jens"]
[Result "0-1"]
[WhiteElo "1911"]
[BlackElo "2120"]
[PlyCount "36"]
[EventDate "2016.07.28"]
[EventType "swiss"]
[EventRounds "7"]
[EventCountry "GER"]
[SourceTitle "CBM 173 Extra"]
[Source "ChessBase"]
[SourceDate "2016.08.29"]
[SourceVersion "1"]
[SourceVersionDate "2016.08.29"]
[SourceQuality "1"]

1. c4 f5 2. Nc3 Nf6 3. Nf3 d6 4. d4 g6 5. g3 Bg7 6. Bg2 0-0 7. 0-0 Qe8 8. e4 fxe4 9. Ng5 Nc6 10. Nb5 Bg4 11. Qb3 Qd7 12. h3 h6 13. hxg4 hxg5 14. Bxg5 Qxg4 15. Be3 Qh5 16. Rfd1 Ng4 17. Bxe4 Qh2+ 18. Kf1 Rxf2+ 0-1

[Event "Vellmar op 8th"]
[Site "Vellmar"]
[Date "2016.07.29"]
[Round "2"]
[White "Windelband, Jens"]
[Black "Krueger, Stefan"]
[Result "0-1"]
[WhiteElo "2120"]
[BlackElo "1936"]
[PlyCount "80"]
[EventDate "2016.07.28"]
[EventType "swiss"]
[EventRounds "7"]
[EventCountry "GER"]
[SourceTitle "CBM 173 Extra"]
[Source "ChessBase"]
[SourceDate "2016.08.29"]
[SourceVersion "1"]
[SourceVersionDate "2016.08.29"]
[SourceQuality "1"]

1. e4 c5 2. Nf3 Nc6 3. d4 cxd4 4. Nxd4 e5 5. Nb5 d6 6. c4 Be7 7. N1c3 a6 8. Na3 f5 9. exf5 Bxf5 10. Bd3 Be6 11. Qh5+ Bf7 12. Qh3 Nf6 13. Bg5 Nd4 14. Bxf6 Bxf6 15. 0-0 Be6 16. Qh5+ Bf7 17. Qd1 0-0 18. Nc2 b5 19. cxb5 Nxb5 20. Bxb5 axb5 21. Nb4 e4 22. Qd2 Be5 23. Nxe4 Bc4 24. Nc6 Bxh2+ 25. Kxh2 Qh4+ 26. Kg1 Qxe4 27. Qxd6 Bxf1 28. Rxf1 Kh8 29. Rd1 Qf4 30. Qxf4 Rxf4 31. a3 h6 32. Rd5 Rc8 33. Ne5 Rc1+ 34. Kh2 Rxf2 35. Rxb5 Rcc2 36. b3 Rxg2+ 37. Kh3 Kh7 38. Nc4 Rg1 39. a4 Rc3+ 40. Kh2 Rb1 0-1